00275nam a2200097 a 450000500170000000800410001702000150005824500690007326000220014204000130016420200930080317.0120328s1983 000 spa d a8400053644 0aJudíos al servicio de Pedro el grande de Aragón (1276-1285). aBarcelona,c1983. aDO-SdBNP